| 000 -LEADER |
| fixed length control field |
00845nam a22001337a 4500 |
| 040 ## - CATALOGING SOURCE |
| Transcribing agency |
rua |
| 082 ## - DEWEY DECIMAL CLASSIFICATION NUMBER |
| Classification number |
LMA PHU 2021 B1-534 Or. |
| 100 ## - MAIN ENTRY--AUTHOR NAME |
| Personal name |
PHUONG PHUMIN ភួង ភូមិន្ទ |
| 245 ## - TITLE STATEMENT |
| Title |
STUDY ON THE USE OF SOCIAL LAND CONCESSION OF THE PEOPLE IN KRAING LVEA COMMUNE, SAMAKI MEANCHEY DISTRICT, KAMPONG CHHNANG PROVINCE សិក្សាពីការប្រើប្រាស់ដីសម្បទានសង្គមកិច្ចរបស់ប្រជាពលរដ្ឋនៅក្នុងឃុំក្រាំល្វា ស្រុកសាមគ្គីមានជ័យ ខេត្តកំពង់ឆ្នាំង |
| 260 ## - PUBLICATION, DISTRIBUTION, ETC. (IMPRINT) |
| Place of publication |
PHNOM PENH |
| Name of publisher |
RIA |
| Year of publication |
2021 |
| 300 ## - PHYSICAL DESCRIPTION |
| Number of Pages |
IX. 36P |
| Other physical details |
VII. |
| Dimensions |
29CM |
| 856 ## - ELECTRONIC LOCATION AND ACCESS |
| Uniform Resource Identifier |
https://drive.google.com/file/d/1MUM7ZjRejiT7x1u3934USU-5-dLXWjve/view?usp=sharing |
| 942 ## - ADDED ENTRY ELEMENTS (KOHA) |
| Koha item type |
LMA |
| 952 ## - LOCATION AND ITEM INFORMATION (KOHA) |
| Withdrawn status [LOCAL, KOHA] |
0 |
| 952 ## - LOCATION AND ITEM INFORMATION (KOHA) |
| Withdrawn status [LOCAL, KOHA] |
0 |
| 952 ## - LOCATION AND ITEM INFORMATION (KOHA) |
| Withdrawn status [LOCAL, KOHA] |
0 |
| 952 ## - LOCATION AND ITEM INFORMATION (KOHA) |
| Withdrawn status [LOCAL, KOHA] |
0 |